[Event "Politiken Cup 27th"]
[Site "Copenhagen"]
[Date "2005.07.20"]
[Round "6"]
[White "Kleinjan, Pim"]
[Black "Molvig, Henrik"]
[Result "1/2-1/2"]
[WhiteElo "1927"]
[BlackElo "2227"]
[PlyCount "71"]
[EventDate "2005.07.16"]
[EventType "swiss"]
[EventRounds "10"]
[EventCountry "DEN"]
[SourceTitle "CBM 107 Extra"]
[Source "ChessBase"]
[SourceDate "2005.09.01"]
[SourceVersion "1"]
[SourceVersionDate "2005.09.01"]
[SourceQuality "1"]

1. Nc3 c5 2. Nf3 Nc6 3. d4 cxd4 4. Nxd4 Nf6 5. g3 e6 6. Bg2 d5 7. e4 Bb4 8. Bg5 Qa5 9. 0-0 Nxe4 10. Nb3 Qc7 11. Nxe4 dxe4 12. Bxe4 0-0 13. Qe2 e5 14. Rad1 Be6 15. c3 Be7 16. Bxe7 Nxe7 17. Rd2 f5 18. Bd3 Rf6 19. Re1 Ng6 20. Qd1 Raf8 21. Bf1 Kh8 22. Bg2 f4 23. f3 fxg3 24. hxg3 Qb6+ 25. Rf2 Bg4 26. Kf1 Be6 27. Nd2 Qxb2 28. Ne4 Qb5+ 29. Kg1 Qb6 30. Nxf6 gxf6 31. Qb1 Qc7 32. f4 exf4 33. Rxe6 fxg3 34. Rfxf6 Qc5+ 35. Kh1 Qh5+ 36. Kg1 1/2-1/2

[Event "Politiken Cup 27th"]
[Site "Copenhagen"]
[Date "2005.07.16"]
[Round "1"]
[White "Stokke, Kjetil"]
[Black "Kleinjan, Pim"]
[Result "1-0"]
[WhiteElo "2233"]
[BlackElo "1927"]
[PlyCount "85"]
[EventDate "2005.07.16"]
[EventType "swiss"]
[EventRounds "10"]
[EventCountry "DEN"]
[SourceTitle "CBM 107 Extra"]
[Source "ChessBase"]
[SourceDate "2005.09.01"]
[SourceVersion "1"]
[SourceVersionDate "2005.09.01"]
[SourceQuality "1"]

1. Nf3 c5 2. c4 Nc6 3. d4 cxd4 4. Nxd4 g6 5. e4 Bg7 6. Be3 Nf6 7. Nc3 0-0 8. Be2 d6 9. 0-0 Bd7 10. Qd2 Nxd4 11. Bxd4 Bc6 12. f3 Nd7 13. Be3 a5 14. b3 Nc5 15. Rab1 Qc8 16. Rfc1 Ne6 17. Nd5 Bxd5 18. exd5 Nc5 19. Rc2 Qd7 20. a3 a4 21. b4 Nb3 22. Qd3 f5 23. Bd1 f4 24. Bf2 Qf5 25. Qxf5 Rxf5 26. Re2 Nd4 27. Rxe7 Rf7 28. Re4 Nf5 29. Rxf4 Re7 30. Re4 Rae8 31. Rxe7 Rxe7 32. Bxa4 Bd4 33. Rd1 Bf6 34. Re1 Rxe1+ 35. Bxe1 Bb2 36. Bd7 Ne3 37. c5 dxc5 38. bxc5 Bd4 39. c6 bxc6 40. dxc6 Nd1+ 41. Kf1 Bb6 42. Ke2 Nb2 43. Bg3 1-0